000 01328cad a22002295a 4500
001 L140031
008 070830e20070618 d f s 000 0 eng u
035 _a(Sirsi) u140031
041 0 _aeng
050 _a333.33 $2 18
110 2 _aRightmove
245 0 0 _aRightmove house price index
_bJune 2007
_h[electronic resource]
260 _aLondon
_bRightmove
_c2007
490 0 0 _aRightmove House Price Index
_vJune 2007
520 _aShows that average national asking prices rose by just 0.8%. Despite the postponed introduction of Home Information Packs, the expected deadline had already encouraged many sellers onto the market early. Accordingly, the average stock per estate agency branch has jumped by 10%, the biggest rise in 3 years. Over half of London boroughs showed a fall in prices, putting the capital below the national average. On becoming Prime Minister, Gordon Brown has listed housing as one of his top priorities. However he faces a number of challenges in the UK housing market.
590 _aKA
650 2 4 _aRIGHTMOVE HOUSE PRICE INDEX
651 4 _aUnited Kingdom
_y
690 _aPROPERTY-RESIDENTIAL PROPERTY-RESIDENTIAL PROPERTY MARKET
856 4 0 _uhttps://www.rightmove.co.uk/template/publicsite%2Caboutus%2CRTPRArchive.vm
_zView the index free of charge at www.rightmove.co.uk...
942 _n0
999 _c107406
_d107406